10 Most Densely Populated States in the U.S. - Statistics

General Stats
  • This quiz has been taken 90 times
  • The average score is 9 of 10
Answer Stats
Density Answer % Correct
1,070 Rhode Island
99%
432 New York
98%
1,277 New Jersey
95%
645 Maryland
94%
746 Connecticut
91%
517 Delaware
91%
914 Massachusetts
90%
412 Florida
89%
290 Ohio
82%
292 Pennsylvania
82%
No matching quizzes found
Score Distribution
Percent of People with Each Score
Percentile by Number Answered
Your Score History
You have not taken this quiz